First Course in Number Theory (Record no. 712)

MARC details
000 -LEADER
Fixed length control field 00445nam a2200169 4500
003 - CONTROL NUMBER IDENTIFIER
Control field SEACOMMC
005 - DATE AND TIME OF LATEST TRANSACTION
Control field 20250424124826.0
008 - FIXED-LENGTH DATA ELEMENTS--GENERAL INFORMATION
Fixed length control field 241030b |||||||| |||| 00| 0 eng d
020 ## - INTERNATIONAL STANDARD BOOK NUMBER / ISBN
Price Rs.185.00
040 ## - CATALOGING SOURCE
Original cataloging agency SEACOMMC
082 ## - DEWEY DECIMAL CLASSIFICATION NUMBER
Classification number 512.7
Book Number C 552
100 ## - MAIN ENTRY--PERSONAL NAME
Personal name Chowdhury,K C
245 1# - TITLE STATEMENT
Title First Course in Number Theory
Statement of responsibility K C Chowdhury
260 ## - IMPRINT
Place of publication New Delhi
Name of publisher Asian Books
Date of publication 2007
650 ## - SUBJECT ADDED ENTRY--TOPICAL TERM
Topical term Mathematics; Number Theory
942 ## - ADDED ENTRY ELEMENTS (KOHA)
Koha item type Books
Holdings
Withdrawn status Lost status Source of classification Damaged status Not for loan Home library Current library Shelving location Date acquired Total Checkouts Call number Accession number Date last seen Price effective from Koha item type Copy number
    Dewey Decimal Classification     SEACOM MANAGEMENT COLLEGE SEACOM MANAGEMENT COLLEGE Reference 06/11/2007   512.7 C 552 M-724 30/10/2024 30/10/2024 Books  
    Dewey Decimal Classification     SEACOM MANAGEMENT COLLEGE SEACOM MANAGEMENT COLLEGE   06/11/2007   512.7 C 552 M-725 30/10/2024 30/10/2024 Books 1
    Dewey Decimal Classification     SEACOM MANAGEMENT COLLEGE SEACOM MANAGEMENT COLLEGE   06/11/2007   512.7 C 552 M-726 30/10/2024 30/10/2024 Books 2
© Seacom Engineering College, All rights reserved.    Powered by Koha